000 00589nam a2200181 a 4500
001 000036353
005 20200930075702.0
008 120113s1988 mx ad 000 0 spa d
020 _a9682514185
040 _aDO-SdBNP
_bspa
_cBNPHU
082 _axxx
_bB176a, 1988
100 1 _aBalderas Pedrero, Ma. de la Luz
_962536
245 1 0 _aAdministración de los servicios de enfermería /
_cMa. de la Luz Balderas Pedrero.
250 _a2a ed.
260 _aMéxico :
_bInteramericana
_bMacGraw-Hill,
_c1988.
300 _axv, 257 p. :
_bil., diagrs. ;
_c24 cm.
590 _aInventariado, 2019 /LP
999 _c35844
_d35844